| 000 | 00940nam a22002657a 4500 | ||
|---|---|---|---|
| 999 |
_c19136 _d19136 |
||
| 003 | AR-CdUCM | ||
| 008 | 190516b ||||| |||| 00| 0 spa d | ||
| 020 | _a84-291-2015-2 | ||
| 040 |
_aMUNICIPALIDAD PROVINCIAL DEL CUSCO _cBIBLIOTECA MUNICIPAL DEL CUSCO |
||
| 082 |
_23ed. _a621.3 / _bW32 |
||
| 100 |
_aWatt, John _940293 |
||
| 245 | _aManual del montador electricista / | ||
| 260 |
_aBarcelona : _bReverte, _c1974. |
||
| 300 |
_aXIII 1210 paginas ; _bIlustraciones, _c22 cm. |
||
| 505 | _aContenido : Tablas de utilidad -- Factores de conversión -- Símbolos gráficos eléctricos -Principios de electricidad... | ||
| 650 |
_aConversion _940294 |
||
| 650 |
_aEnergía _915841 |
||
| 650 |
_aDirección de la energía _940295 |
||
| 650 |
_aElectricidad _915840 |
||
| 650 |
_aConductores cableados _940296 |
||
| 700 |
_aCroft, Terrell _940297 |
||
| 710 |
_aCarr, Cliffort _940298 |
||
| 942 |
_2ddc _cLIBROS |
||
| 945 |
_awnts _d2019-05-16 |
||